Normal view MARC view

Entry Término temático

Number of records used in: 1

001 - NÚMERO DE CONTROL

  • campo de control: 172108

003 - IDENTIFICADOR DE NÚMERO DE CONTROL

  • campo de control: SpMaBN

005 - FECHA Y HORA DE LA ÚLTIMA TRANSACCIÓN

  • campo de control: 20250828044438.0

008 - ELEMENTOS DE DATO DE LONGITUD-FIJA

  • campo de control de longitud fija: 051215dn anznnbabn |a ana

016 ## - NÚMERO DE CONTROL DE UNA AGENCIA BIBLIOGRÁFICA NACIONAL

  • Número de control del registro: BNE20052520593

024 7# - IDENTIFICADOR DE OTROS ESTÁNDARES

  • Número estándar o código: http://catalogue.bnf.fr/ark:/12148/cb12653927r
  • Fuente: rameau

024 7# - IDENTIFICADOR DE OTROS ESTÁNDARES

  • Número estándar o código: http://data.bnf.fr/ark:/12148/cb12653927r
  • Fuente: rameau

040 ## - FUENTE DE CATALOGACIÓN

  • Centro catalogador/agencia de origen: SpMaBN
  • Lengua de catalogación: spa
  • Centro/agencia transcriptor: SpMaBN
  • Normas de descripción: rdc
  • Convención/Normas de encabezamiento de materia/tesauro: embne

042 ## - CÓDIGO DE AUTENTICACIÓN

  • Código de autenticación: 200512191333PCMPBC BNEP 00

080 ## - NÚMERO DE LA CLASIFICACIÓN DECIMAL UNIVERSAL

  • Número de la Clasificación Decimal Universal: 37.018.58
  • Identificador de la edición: 2015

150 ## - ENCABEZAMIENTO--TÉRMINO DE MATERIA

  • Término de materia o nombre geográfico como elemento de entrada: Educación libertaria

450 ## - TRAZADO DE VÉASE--TÉRMINO DE MATERIA

  • Término de materia o nombre geográfico como elemento de entrada: Pedagogía libertaria

500 1# - TRAZADO DE VÉASE ADEMÁS--NOMBRE DE PERSONA

  • Nombre de persona: Ferrer i Guàrdia, Francesc,
  • Fechas asociadas al nombre: 1859-1909

510 2# - TRAZADO DE VÉASE ADEMÁS--NOMBRE DE ENTIDAD CORPORATIVA

  • Nombre de entidad corporativa o nombre de jurisdicción como elemento de entrada: Summerhill School

550 ## - TRAZADO VÉASE ADEMÁS--TÉRMINO DE MATERIA

  • Subcampo de control: g
  • Término de materia o nombre geográfico como elemento de entrada: Pedagogía experimental

550 ## - TRAZADO VÉASE ADEMÁS--TÉRMINO DE MATERIA

  • Término de materia o nombre geográfico como elemento de entrada: Enseñanza individualizada

550 ## - TRAZADO VÉASE ADEMÁS--TÉRMINO DE MATERIA

  • Término de materia o nombre geográfico como elemento de entrada: Enseñanza no directiva

670 ## - FUENTE DE DATOS ENCONTRADOS

  • Cita de la fuente: RAMEAU
  • Información encontrada: (Éducation libertaire)

670 ## - FUENTE DE DATOS ENCONTRADOS

  • Cita de la fuente: Diccionario de las ciencias de la educación, 1994
  • Información encontrada: (Educación libertaria)

750 #7 - ENTRADA DE ENLACE DE ENCABEZAMIENTO ESTABLECIDO--TÉRMINO DE MATERIA

  • Término de materia o nombre geográfico como elemento de entrada: Éducation libertaire
  • Fuente del encabezamiento o término: rameau